The Shi'a of India

Bibliographic Details
Main Author: Hollister, John Norman (Author)
Format: Book
Published: New Delhi : Oriental Books Reprint Corp. , 1979
Edition:2nd ed
Subjects:

MARC

LEADER 00000cam a2200000 7i4500
001 0000031270
005 20031005093000.0
090 0 0 |a BP192.7.I5   |b H6 1979 
100 0 |a Hollister, John Norman ,   |e author 
245 1 4 |a The Shi'a of India   |c by John Norman Hollister 
250 |a 2nd ed 
260 2 |a New Delhi :   |b Oriental Books Reprint Corp. ,   |c 1979 
300 |a xiv, 440 p. ;   |c 24 cm. 
504 |a Includes bibliographical references (p. 417-433) and index 
650 0 |a Shiites   |z India 
999 |a 1000059569   |b Book   |c OPEN SHELF (30 DAYS)   |e Gong Badak Campus